000 01219nam a2200349 i 4500
001 40006
003 KOSZ 005
005 20200508091358.0
008 010912s2000 pl a f f |000 0 pol
015 _aPB 2001/14704
020 _a8388007548
035 _a(OCoLC)749696661
040 _aWA N
_cKOSZ005/HR
_dKOSZ005/HR
041 0 _apol
046 _k2000
080 _a536
080 _a(075.8)
245 0 0 _aTermodynamika :
_bzadania i przykłady obliczeniowe : [praca zbiorowa] /
_cJanusz Cieśliński [et al.] ; pod red. Wiesława Pudlika.
260 _aGdańsk :
_bWydaw. Politechniki Gdańskiej,
_c2000.
300 _a180 s., [2] k. tabl. złoż. luz. :
_bil. ;
_c24 cm.
380 _aKsiążki.
385 _mPoziom nauczania
_aSzkoły wyższe
388 _a1901-2000
658 _aFizyka i astronomia
655 4 _aPodręczniki akademickie
650 4 _aTermodynamika
700 1 _aPudlik, Wiesław
_d(1930- ).
_eRedakcja
700 1 _aCieśliński, Janusz T.
_eAutor
710 2 _aWydawnictwo Politechniki Gdańskiej
_4pbl.
856 _uhttp://koha.tu.koszalin.pl/cgi-bin/koha/opac-detail.pl?biblionumber=40006
_yKatalog online BPK
942 _2UKD
_cKS
999 _c40006
_d40006